Statistics for Movie Characters

Click here to take the quiz!

General Stats

  • This quiz has been taken 15 times
  • The average score is 6 of 15

Answer Stats

HintAnswer% Correct
Keyser SozeThe Usual Suspects
85%
Marcellus WallacePulp Fiction
77%
Boo RadleyTo Kill a Mockingbird
69%
Miranda PriestlyThe Devil Wears Prada
54%
Frank BoothBlue Velvet
46%
Alex ForrestFatal Attraction
46%
Ratso RizzoMidnight Cowboy
46%
Amon GoethSchindler's List
38%
Shug AveryThe Color Purple
38%
Ron WoodroofDallas Buyers Club
31%
Silas RamsbottomDespicable Me 2
15%
Homer HickhamOctober Sky
15%
Vanellope von SchweetzWreck It Ralph
15%
Dorothy BoydJerry Maguire
8%
Benjamin GatesNational Treasure
8%

Score Distribution

Percentile by Number Answered

Percent of People with Each Score

Your Score History

You have not taken this quiz